000
00229nam a22000857a 4500
008
170606b xxu||||| |||| 00| 0 eng d
100
_9
3282
_a
Sekharam. K.S
245
_a
Our useful Plants
260
_a
New Delhi
_b
National Book Trust
_c
2004
999
_c
6599
_d
6599